たのしい!過去の法令当てクイズ - Statistics

General Stats
  • This quiz has been taken 24 times
  • The average score is 5 of 15
Answer Stats
Hint Answer % Correct
アヘン戦争の情報を得た幕府により撃退の方針が転換され、外国船に燃料や食料、水を与えて退去させることを命じたもの。 薪水給与令
91%
財政難に陥った旗本・御家人を救済するために、債権者である札差に対し債権放棄・債務繰延べをさせた武士救済法令。 棄捐令
50%
室町幕府開創の基本方針で、幕府の所在地をめぐる諮問と当面の方針17ヶ条が記されていた。 建武式目
41%
年貢の徴収方法で、過去数年間の年貢の平均を基準に、一定期間にわたって年貢を徴収する制度。 定免法
36%
異国船打払令の別名。 無二念打払令
36%
近親者の死に際して喪に服す期間などを規定。 服忌令
32%
地主による土地所有の進行を抑制し、百姓の土地所有を維持するために土地を再配分して均等に所持させようとした政策で天保の頃に佐賀藩で行われた。 均田制
32%
雑穀・水油・蝋・呉服・生糸を江戸の問屋経由と規定した。 五品江戸廻送令
32%
海賊に与えられていた警固料を廃止し、札浦における通行料の徴収、許可のない海外貿易などの活動も禁止した。 海賊取締令
27%
軍費調達のため、荘園・公領の年貢半分の徴収権を守護に認めた。 半済令
27%
新井白石により出された、長崎でのオランダ船・中国船との貿易に関して出した諸規定の総称。 海舶互市新例
27%
農民の零細化を防ぐため、所持田畑の分割相続を制限した。 分地制限令
23%
山東京伝や恋川春町、蔦屋重三郎、林子平らが処罰された。 出版統制令
18%
債権者または債務者から債権額・債務額の5分の1ないし10分の1を〇〇銭として幕府に納入することを条件に、先に納めた方の権利を認めた。 分一徳政令
14%
原則として地頭の給与は前任者の収入を継承としていたが、収入が少ない場合や先例のない場合に加徴米を徴収する権利などを認めた。 新補率法
9%
No matching quizzes found
Score Distribution
Percent of People with Each Score
Percentile by Number Answered
Your Score History
You have not taken this quiz